Najpopularniejsze kierunki studiów w Polsce - Statystyki

Ogólne statystyki
  • Ten quiz został rozwiązany 651 razy
  • Średni wynik to 5 z 11
Statystyki odpowiedzi
Miejsce Kierunek studiów % Poprawnych
3. Prawo
82%
2. Psychologia
72%
1. Informatyka
70%
4. Zarządzanie
65%
6. Ekonomia
54%
11. Filologia Angielska
54%
7. Administracja
29%
8. Budownictwo
28%
9. Logistyka
24%
10. Fizjoterapia
19%
5. Kierunek Lekarski
10%
Nie znaleziono quizów pasujących do podanych kryteriów
Rozkład punktacji
Procent ludzi z każdym wynikiem
Percentyl według liczby udzielonych odpowiedzi
Twoja historia wyników
Nie rozwiązałeś tego quizu